000 00410nam a2200157 a 4500
005 20140412111322.0
008 010420s19uu xx 00 eng d
020 _a0-86318-529-0
050 _aM 681.1
_bF51 1991
245 _aTime.
260 _aLondon :
_bDorling Kindersley Limited,
_c1991.
300 _a17p. ; ill.
440 _aMy first look at
650 _aTime-Juvenile literature
999 _c104435
_d104435